| 000 | 00861nas a2200289 4500 | ||
|---|---|---|---|
| 001 | BR0803577 | ||
| 003 | BR-BrBNA | ||
| 005 | 20231205112305.0 | ||
| 007 | ta | ||
| 008 | 230509b bl.|||p| |||| 00| 00por d | ||
| 040 |
_aBR-BrBNA _bpor _cBiblioteca Nacional de Agricultura |
||
| 041 | _a(Pt) | ||
| 072 | _aH60 | ||
| 100 | 1 | _aCanossa, R.S. | |
| 100 | 1 | _aOliveira Júnior, R.S. | |
| 100 | 1 | _aConstantin, J. | |
| 100 | 1 | _aBiffe, D.F. | |
| 100 | 1 | _aAlonso, D.G. | |
| 100 | 1 | _aFranchini, L.H.M. | |
| 245 | 1 | _aProfundidade de semeadura afetando a emergência de plântulas de Alternanthera tenella | |
| 650 | _aERVA DANINHA | ||
| 650 | _aSEMENTE | ||
| 650 | _aCOBERTURA MORTA | ||
| 773 | 0 |
_tPlanta Daninha (Brazil) _xISSN 0100-8358 _g(Oct-Dec 2007), v. 25(4) p. 719-725 _wBR0803577 |
|
| 909 |
_a202311 _bLúcia _c55 _dLúcia Elande |
||
| 942 |
_2AGRIS _n0 _cANA |
||
| 999 |
_c197221 _d197221 |
||